Callsign Flygbolag - Till callsign - Statistics

General Stats
  • This quiz has been taken 4 times
  • The average score is 100 of 148
Answer Stats
Hint Airline Code % Correct
S American AAL
100%
S Air Canada ACA
100%
S Adria ADR
100%
Aegean AEE
100%
S Aeroflot AFL
100%
S Air France AFR
100%
S Air India AIC
100%
S Air Malta AMC
100%
S All Nippon ANA
100%
S Austrian AUA
100%
S Alitalia AZA
100%
S Speedbird BAW
100%
S Bee Line BEL
100%
Air Berlin BER
100%
S Air Baltic BTI
100%
S Air China CCA
100%
S Cargolux CLX
100%
S CSA CSA
100%
S Danish Airforce DAF
100%
S Delta DAL
100%
S DHL DHL
100%
S Lufthansa DLH
100%
S Shamrock EIN
100%
S Easy EZY
100%
S Fedex FDX
100%
S Finnair FIN
100%
S German Airforce GAF
100%
S Germanwings GWI
100%
S Iberia IBE
100%
S Iceair ICE
100%
S Iran Air IRA
100%
S Japanair JAL
100%
S Korean Air KAL
100%
S KLM KLM
100%
S Pollot LOT
100%
Sun Turk PGT
100%
S Reach RCH
100%
S Ryanair RYR
100%
S Search and Rescue SAR
100%
S Scandinavian SAS
100%
S Singapore SIA
100%
S Sun Scan SUS
100%
S Saudia SVA
100%
S Swiss SWR
100%
Turkish Airforce TAF
100%
S Air Portugal TAP
100%
Target TGT
100%
S Thai THA
100%
S Turkish THY
100%
Tomson TOM
100%
S Transavia TRA
100%
S Emirates UAE
100%
S Air Ukraine UKR
100%
S UPS UPS
100%
S Vueling VLG
100%
WOW Air WOW
100%
S Wizz Air WZZ
100%
S Amtran AMT
67%
S Ukraine International AUI
67%
S Bluefin BLF
67%
S Midland BMA
67%
Blue Messenger BMS
67%
S Canforce CFC
67%
S Cimber CIM
67%
S Cathay CPA
67%
S Crossair CRX
67%
S Croatia CTN
67%
Cubana CUB
67%
S Elal ELY
67%
S Ethiad ETD
67%
S Topswiss EZS
67%
S Finnforce FNF
67%
S JAT JAT
67%
Kuwait KAC
67%
S Lauda Air LDA
67%
S Luxair LGL
67%
Littoral LTL
67%
S Malev MAH
67%
S Egyptair MSR
67%
S North Flying NFA
67%
S Nextjet NJT
67%
Norske NOR
67%
S Pakistan PIA
67%
Primera PRI
67%
Quid QID
67%
S Qatari QTR
67%
S Jordanian RJA
67%
S Tarom ROT
67%
S Scanwing SCW
67%
S Swedeforce SVF
67%
S Air Sweden SWN
67%
S Quality TAY
67%
S United UAL
67%
S Virgin VIR
67%
S Viking VKG
67%
Antonov Bureau ADB
33%
Heron ADH
33%
Air Chief AIO
33%
S Eurotrans BCS
33%
S City Jet BCY
33%
Jersey BEE
33%
S Bluescan BLX
33%
Blue Panorama BPA
33%
S Bluelight BUE
33%
Calibration CBN
33%
S Scanor CNO
33%
Continental COA
33%
S Dartlimited DAT
33%
S Danish DTR
33%
Emerald EFF
33%
S Execjet EJA
33%
S Estonian ELL
33%
S Channex EXS
33%
S Panther FAO
33%
S Faroeline FLI
33%
Indonesia GIA
33%
S Greenlandair GRL
33%
Irish IRL
33%
S Spanair JKK
33%
S Jet Time JTG
33%
S Swecoast KBV
33%
S Lithuanian Air LIL
33%
S Lufttransport LTR
33%
Lithuanica LTU
33%
S Flying Bulgaria LZB
33%
S Mermaid MMD
33%
Mass Air NAT
33%
Nor Shuttle NAX
33%
S Norwegian NOW
33%
S Nordic NSW
33%
S Nitro NTR
33%
S Navigator NVR
33%
S Northwest NWA
33%
S Omni Express OAE
33%
S Olympic OAL
33%
S Onur Air OHY
33%
Polar PAC
33%
Polish Airforce PLF
33%
S Qantas QFA
33%
S Rafair RFR
33%
S Medical SAG
33%
S Sky Express SKX
33%
Stobart STK
33%
Trans Soviet TSO
33%
Cactus USA
33%
S Wideroe WIF
33%
World WOA
33%
Sterling SNB
0%
No matching quizzes found
Score Distribution
Percent of People with Each Score
Percentile by Number Answered
Your Score History
You have not taken this quiz